BASIC TELEVISION & RADIO SYSTEMS (Record no. 331802)

MARC details
000 -LEADER
fixed length control field 00229nam a2200097Ia 4500
008 - FIXED-LENGTH DATA ELEMENTS--GENERAL INFORMATION
fixed length control field 230508s1986 xx 000 0 und d
041 ## - LANGUAGE CODE
Language code of text/sound track or separate title eng
100 ## - MAIN ENTRY--PERSONAL NAME
Personal name GROB BARNARD
245 ## - TITLE STATEMENT
Title BASIC TELEVISION & RADIO SYSTEMS
260 ## - PUBLICATION, DISTRIBUTION, ETC.
Date of publication, distribution, etc. 1986
Holdings
Withdrawn status Lost status Damaged status Not for loan Home library Current library Date acquired Cost, normal purchase price Total Checkouts Barcode Date last seen Date last checked out Price effective from Koha item type
        Jawaharlal Nehru Institute of Technology(Poly), Pune Jawaharlal Nehru Institute of Technology(Poly), Pune 09/05/2023 92.00 1 ITP-1174 02/03/2024 20/02/2024 09/05/2023 Book